Gaming Quiz

Random Gaming Quiz

Geometry Dash Mobile List Quiz Stats

 Plays Quiz not verified by Sporcle

Support Sporcle.
Go Orange.
Score 0/50 Timer 05:00
0 Plays Today
Made by Level % Correct
Riot & MoreBloodbath
99%
Mindcap & MoreCelestial Force
89.6%
ZylenoxAnnihilation Nation
77.1%
Zoomeyes & MoreAftermath
77.1%
AlkaliSuper Probably Level
72.9%
Sminx & MoreBelloq
70.8%
StormflyThe Hell Zone
70.8%
Ggb0yCataclysm
70.8%
Pennutoh & moreATMarbl
67.7%
TeamN2A Bizarre Phantasm
67.7%
TCTeamCadrega Mode
63.5%
Team ProximaEpsilon
63.5%
Flukester & moreTwisted Tranquility
63.5%
Stormfly & moreThe Hell Dignity
62.5%
GrylleXNovalis
62.5%
KrMaLConical Depression
61.5%
xSmoKes & GironDavidPlasma Pulse III
59.4%
VoidSquadAtmosphere
58.3%
VirtualCrack & moreSkrrah
58.3%
TheKrisAurora
57.3%
YakobNugget & moreUnearthed
56.3%
Zafkiel7 & moreIdols
55.2%
GironDavid & moreDigital Disarray
55.2%
Crohn44Glide
55.2%
CairoX & moreConcaved Memories
53.1%
Made by Level % Correct
Rlol & moreNight Party
53.1%
VismuthNiflheim
52.1%
Andromeda & moreThe Ultimate Phase
51%
Goodsmile & moreAudio Extraction
50%
WeoweoteoMarathon
50%
Mulpan & KireiMiraiElliptic Curve
50%
Milos482 and moreRaindance
50%
NikroPlaysAllegiance
49%
PleoSlim RMD and MakFeedTech Manifestation
49%
Ggb0yOld Cataclysm
47.9%
PennutohCosmorush 21
46.9%
Blad3M & MenkatjezzzUprise
44.8%
Rustam & moreDeception Dive
42.7%
Zafkiel7 & moreEsencia
42.7%
PlebKingdomUltrasans
42.7%
KeiAs & moreOld Fabrication
41.7%
RoiMoustiAAAAAAAAAAAAAAAAAAAA
41.7%
ViruZArtificial Dream
39.6%
Souls TRKAcropoliX
39.6%
RoadboseICE Carbon Diablo X
38.5%
stardust1971 & moreGammaray
38.5%
Bianox & moreCYCLONE
36.5%
Shaggy23 & moreCholeriX
32.3%
KrMaLFalling up
31.3%
HadiGD & moreHeat Wave
31.3%

You're not logged in!

Compare scores with friends on all Sporcle quizzes.
OR
Log In

From the Vault

5x5 Math Grid Puzzle

by pitchorneirda

It's kind of like getting out your eraser because you screwed up your Sudoku.
Remove Ads.
Support Sporcle.
Get the best of Sporcle when you Go Orange. This ad-free experience offers more features, more stats, and more fun while also helping to support Sporcle. Thank you for becoming a member.

Show Comments

Extras

Created Feb 23, 2020ReportNominate
Tags:dash, demon, Geometry, Level, mobile

Top Quizzes Today


Score Distribution

Your Account Isn't Verified!

In order to create a playlist on Sporcle, you need to verify the email address you used during registration. Go to your Sporcle Settings to finish the process.

Report this User

Report this user for behavior that violates our Community Guidelines.

Details: